Statistics for Scarlet and Violet Pokédex

Click here to take the quiz!

General Stats

  • This quiz has been taken 47 times
  • The average score is 299 of 400

Answer Stats

HintAnswer% Correct
FireFuecoco
97%
ElectricPawmi
97%
Electric/FightingPawmo
97%
Electric/FightingPawmot
97%
WaterQuaxly
97%
NormalLechonk
93%
Grass/DarkMeowscarada
93%
Electric/DragonMiraidon
93%
Electric/SteelMagneton
90%
ElectricPichu
90%
ElectricPikachu
90%
ElectricRaichu
90%
Fire/GhostSkeledirge
90%
GrassSprigatito
90%
Poison/GroundWooper
90%
Dragon/FlyingDragonite
87%
GrassFloragato
87%
Ghost/PoisonGastly
87%
Ghost/PoisonGengar
87%
Ghost/PoisonHaunter
87%
Normal/FairyJigglypuff
87%
Fighting/DragonKoraidon
87%
Electric/SteelMagnemite
87%
Electric/SteelMagnezone
87%
NormalOinkologne
87%
WaterWiglett
87%
WaterWugtrio
87%
Fighting/GhostAnnihilape
83%
Grass/DragonAppletun
83%
DragonBagon
83%
Dark/SteelBisharp
83%
Grass/DarkBrute Bonnet
83%
FireCharcadet
83%
Poison/GroundClodsire
83%
FireCrocalor
83%
GroundDiglett
83%
DragonDragonair
83%
DragonDratini
83%
GroundDugtrio
83%
Grass/DragonFlapple
83%
Normal/PsychicGirafarig
83%
Dark/FireHoundoom
83%
Dark/FireHoundour
83%
Normal/FairyIgglybuff
83%
Fighting/ElectricIron Hands
83%
Ground/SteelIron Treads
83%
Electric/FlyingKilowattrel
83%
Rock/GroundLarvitar
83%
Bug/DarkLokix
83%
Fighting/SteelLucario
83%
FightingMankey
83%
BugNymble
83%
Rock/GroundPupitar
83%
Water/FightingQuaquaval
83%
WaterQuaxwell
83%
FightingRiolu
83%
RockRolycoly
83%
Electric/GroundSandy Shocks
83%
BugScatterbug
83%
Bug/SteelScizor
83%
Grass/FireScovillain
83%
NormalSlaking
83%
Ice/BugSnom
83%
BugSpewpa
83%
BugSpidops
83%
Normal/FlyingStaraptor
83%
BugTarountula
83%
Fairy/SteelTinkaton
83%
Rock/DarkTyranitar
83%
Bug/FlyingVivillon
83%
Electric/FlyingWattrel
83%
Grass/IceAbomasnow
80%
Grass/DragonApplin
80%
IceAvalugg
80%
DragonAxew
80%
Flying/DarkBombirdier
80%
GrassCapsakid
80%
Fighting/IceCrabominable
80%
Ice/FlyingDelibird
80%
WaterDondozo
80%
Poison/DragonDragalge
80%
Ghost/FlyingDrifblim
80%
Ghost/FlyingDrifloon
80%
NormalDudunsparce
80%
NormalDunsparce
80%
NormalEevee
80%
Normal/PsychicFarigiraf
80%
FairyFidough
80%
FireFlareon
80%
Fire/FlyingFletchinder
80%
Normal/FlyingFletchling
80%
FairyFloette
80%
Ghost/FairyFlutter Mane
80%
Ice/GhostFroslass
80%
Ice/BugFrosmoth
80%
Psychic/FightingGallade
80%
Dragon/GroundGarchomp
80%
Psychic/FairyGardevoir
80%
Dragon/GroundGible
80%
IceGlaceon
80%
IceGlalie
80%
Ground/FightingGreat Tusk
80%
Dark/FairyGrimmsnarl
80%
Water/FlyingGyarados
80%
Bug/FightingHeracross
80%
Grass/FlyingHoppip
80%
Dark/DragonHydreigon
80%
Ice/WaterIron Bundle
80%
Fire/PoisonIron Moth
80%
Fairy/FightingIron Valiant
80%
ElectricJolteon
80%
Grass/FlyingJumpluff
80%
Dark/SteelKingambit
80%
Psychic/FairyKirlia
80%
Steel/FairyKlefki
80%
Bug/FireLarvesta
80%
GrassLeafeon
80%
Fire/NormalLitleo
80%
WaterMagikarp
80%
Fighting/PsychicMedicham
80%
Fighting/PsychicMeditite
80%
RockNacli
80%
Ghost/GroundPalossand
80%
Dark/SteelPawniard
80%
FightingPrimeape
80%
Fire/NormalPyroar
80%
Psychic/FairyRalts
80%
Dragon/DarkRoaring Moon
80%
Electric/GhostRotom
80%
Dragon/FlyingSalamence
80%
Poison/FireSalazzle
80%
Bug/FlyingScyther
80%
Grass/FlyingSkiploom
80%
NormalSlakoth
80%
Grass/NormalSmoliv
80%
Dark/IceSneasel
80%
IceSnorunt
80%
Normal/FlyingStaravia
80%
Normal/FlyingStarly
80%
FairySylveon
80%
Fire/FlyingTalonflame
80%
Fairy/SteelTinkatink
80%
Fairy/SteelTinkatuff
80%
Ground/GrassToedscool
80%
Ground/GrassToedscruel
80%
Poison/WaterToxapex
80%
DarkUmbreon
80%
WaterVaporeon
80%
Steel/PoisonVaroom
80%
NormalVigoroth
80%
Bug/FireVolcarona
80%
Dark/IceWeavile
80%
Normal/FairyWigglytuff
80%
Dragon/FlyingAltaria
77%
Grass/NormalArboliva
77%
Fire/PsychicArmarouge
77%
Water/FairyAzumarill
77%
Normal/FairyAzurill
77%
Water/GroundBarboach
77%
Dragon/IceBaxcalibur
77%
IceBergmite
77%
Grass/GhostBramblin
77%
Grass/FightingBreloom
77%
Steel/PsychicBronzong
77%
Steel/PsychicBronzor
77%
Rock/FireCarkol
77%
WaterClauncher
77%
WaterClawitzer
77%
Rock/FireCoalossal
77%
Flying/SteelCorviknight
77%
FlyingCorvisquire
77%
FightingCrabrawler
77%
FairyDachsbun
77%
Electric/FairyDedenne
77%
Normal/GrassDeerling
77%
Dark/DragonDeino
77%
GroundDonphan
77%
Dragon/GhostDreepy
77%
PsychicEspeon
77%
FairyFlabébé
77%
Flying/FightingFlamigo
77%
Bug/SteelForretress
77%
Dragon/GroundGabite
77%
RockGarganacl
77%
Steel/GhostGholdengo
77%
GhostGimmighoul
77%
Rock/PoisonGlimmet
77%
Rock/PoisonGlimmora
77%
WaterGolduck
77%
Poison/NormalGrafaiai
77%
FightingHariyama
77%
PsychicHatenna
77%
Fighting/FlyingHawlucha
77%
Dark/FlyingHonchkrow
77%
Dark/FairyImpidimp
77%
Dark/FlyingIron Jugulis
77%
ElectricLuxray
77%
FightingMakuhita
77%
Poison/WaterMareanie
77%
Water/FairyMarill
77%
Bug/FlyingMasquerain
77%
Ghost/FairyMimikyu
77%
Dark/FairyMorgrem
77%
Dark/FlyingMurkrow
77%
RockNaclstack
77%
SteelOrthworm
77%
Water/FlyingPelipper
77%
WaterPsyduck
77%
FlyingRookidee
77%
Poison/FireSalandit
77%
Ground/DarkSandile
77%
Ghost/GroundSandygast
77%
Normal/GrassSawsbuck
77%
Fairy/PsychicScream Tail
77%
DragonShelgon
77%
GrassShroomish
77%
Poison/WaterSkrelp
77%
Bug/FightingSlither Wing
77%
Water/PsychicSlowbro
77%
Water/PsychicSlowking
77%
Water/PsychicSlowpoke
77%
Grass/IceSnover
77%
Poison/DarkStunky
77%
Bug/WaterSurskit
77%
Normal/FlyingSwablu
77%
Dragon/WaterTatsugiri
77%
Electric/PoisonToxtricity
77%
Grass/FlyingTropius
77%
Water/PsychicVeluza
77%
Water/GroundWhiscash
77%
Water/FlyingWingull
77%
DarkZoroark
77%
DarkZorua
77%
Dark/DragonZweilous
77%
WaterAlomomola
73%
GhostBanette
73%
Fire/GroundCamerupt
73%
Fire/GhostCeruledge
73%
Dark/IceChien-Pao
73%
Dark/FireChi-Yu
73%
Poison/FightingCroagunk
73%
Normal/DragonCyclizar
73%
Grass/NormalDolliv
73%
Dragon/GhostDragapult
73%
Dragon/GhostDrakloak
73%
IceEiscue
73%
FairyFlorges
73%
DragonFraxure
73%
DragonGoodra
73%
DragonGoomy
73%
GhostGreavard
73%
Psychic/FairyHatterene
73%
PsychicHattrem
73%
DragonHaxorus
73%
GhostHoundstone
73%
RockKlawf
73%
Ground/DarkKrokorok
73%
Ground/DarkKrookodile
73%
ElectricLuxio
73%
DarkMabosstiff
73%
DarkMaschiff
73%
GhostMisdreavus
73%
GhostMismagius
73%
Fire/GroundNumel
73%
Normal/PsychicOranguru
73%
Various/FlyingOricorio
73%
FightingPassimian
73%
GroundPhanpy
73%
BugPineco
73%
GhostPolteageist
73%
Steel/PoisonRevavroom
73%
Dark/GhostSableye
73%
ElectricShinx
73%
Poison/NormalShroodle
73%
GhostSinistea
73%
Poison/DarkSkuntank
73%
RockStonjourner
73%
RockSudowoodo
73%
Dark/GroundTing-Lu
73%
FireTorkoal
73%
Electric/PoisonToxel
73%
Poison/FightingToxicroak
73%
Dark/GrassWo-Chien
73%
NormalZangoose
73%
FireArcanine
70%
Dragon/IceArctibax
70%
IceBeartic
70%
ElectricBellibolt
70%
RockBonsly
70%
Grass/GhostBrambleghast
70%
GrassCacnea
70%
Grass/DarkCacturne
70%
IceCetitan
70%
IceCetoddle
70%
Water/IceCloyster
70%
Bug/FlyingCombee
70%
IceCubchoo
70%
NormalDitto
70%
Dragon/IceFrigibax
70%
Water/GroundGastrodon
70%
PsychicGothita
70%
PsychicGothitelle
70%
PsychicGothorita
70%
NormalGreedent
70%
FireGrowlithe
70%
GroundHippopotas
70%
GroundHippowdon
70%
Psychic/NormalIndeedee
70%
Rock/ElectricIron Thorns
70%
Flying/DragonNoibat
70%
Flying/DragonNoivern
70%
ElectricPincurchin
70%
BugRellor
70%
PoisonSeviper
70%
WaterShellder
70%
WaterShellos
70%
GhostShuppet
70%
NormalSkwovet
70%
DragonSliggoo
70%
Ghost/DarkSpiritomb
70%
ElectricTynamo
70%
Bug/FlyingVespiquen
70%
NormalYungoos
70%
Normal/FlyingBraviary
67%
WaterBuizel
67%
WaterChewtle
67%
SteelCopperajah
67%
IceCryogonal
67%
SteelCufant
67%
Water/RockDrednaw
67%
PsychicDrowzee
67%
ElectricEelektrik
67%
ElectricEelektross
67%
ElectricElectrode
67%
PsychicFlittle
67%
WaterFloatzel
67%
Grass/PoisonFoongus
67%
NormalGumshoos
67%
PsychicHypno
67%
NormalMaushold
67%
Normal/FlyingRufflet
67%
Normal/FlyingSquawkabilly
67%
ElectricTadbulb
67%
NormalTandemaus
67%
NormalTeddiursa
67%
NormalUrsaring
67%
Water/PsychicBruxish
63%
PsychicEspathra
63%
GrassGogoat
63%
NormalKomala
63%
WaterLuvdisc
63%
NormalMeowth
63%
GroundMudbray
63%
GroundMudsdale
63%
ElectricPachirisu
63%
NormalPersian
63%
Water/PoisonQwilfish
63%
Bug/PsychicRabsca
63%
GrassSkiddo
63%
GrassSunflora
63%
FightingTauros
63%
ElectricVoltorb
63%
Grass/PoisonAmoonguss
60%
WaterBarraskewda
60%
GrassBounsweet
60%
NormalChansey
60%
FightingFalinks
60%
GrassFomantis
60%
BugKricketot
60%
BugKricketune
60%
GrassLilligant
60%
GrassLurantis
60%
PoisonMuk
60%
GrassPetilil
60%
NormalStantler
60%
GrassSunkern
60%
ElectricAmpharos
57%
WaterArrokuda
57%
NormalBlissey
57%
WaterFinizen
57%
ElectricFlaaffy
57%
PoisonGrimer
57%
PoisonGulpin
57%
NormalHappiny
57%
ElectricMareep
57%
GrassSteenee
57%
PoisonSwalot
57%
GrassTsareena
57%
Bug/PoisonVenomoth
57%
Bug/PoisonVenonat
57%
WaterBasculin
53%
WaterFinneon
53%
WaterLumineon
53%
RockLycanroc
53%
WaterPalafin
53%
RockRockruff
53%
PsychicGrumpig
47%
PsychicSpoink
47%
GroundSandaconda
43%
GroundSilicobra
43%

Score Distribution

Percentile by Number Answered

Percent of People with Each Score

Your Score History

You have not taken this quiz